Olivia Rodrigo - you seem pretty sad for a girl so in love - Statistics

General Stats
  • This quiz has been taken 15 times
    10 since last reset
  • The average score is 7 of 14
Answer Stats
2026 you seem pretty sad for a girl so in love % Correct
1 drop dead
100%
8 the cure
100%
9 begged
67%
7 purple
67%
5 u + me = <3
67%
12 expectations
44%
11 less
44%
2 stupid song
44%
10 what's wrong with me
44%
13 cigarette smoke
33%
3 honeybee
33%
4 maggots for brains
33%
6 my way
33%
14 never do (demo)
22%
No matching quizzes found
Score Distribution
Percent of People with Each Score
Percentile by Number Answered
Your Score History
You have not taken this quiz since the last reset